|
|
|
|
| LEADER |
01194nam a22002657a 4500 |
| 001 |
AAL6846 |
| 003 |
BD-DhAAL |
| 005 |
20160322120611.0 |
| 008 |
160322s 2005bg a|||| |||| 00| 0 ben d |
| 020 |
|
|
|a 9844940245
|
| 040 |
|
|
|a BD-DhAAL
|c BD-DhAAL
|
| 082 |
|
|
|2 22
|a 333.75/137/095492
|
| 100 |
|
|
|a গাইন, ফিলিপ
|9 18729
|
| 245 |
|
|
|a বাংলাদেশের বিপন্ন বন /
|c ফিলিপ গাইন
|
| 250 |
|
|
|a 1st ed.
|
| 260 |
|
|
|a ঢাকা :
|b সোসাইটি ফর এনভায়রনমেন্ট এন্ড হিউম্যান ডেভেলপমেণ্ট (সেড),
|c ২০০৫
|
| 300 |
|
|
|a ২৭৬ পৃ. :
|b চিত্র ;
|c ২২ সে.মি.
|
| 541 |
|
|
|e 6846
|
| 650 |
|
|
|a Forests and forestry
|z Bangladesh.
|9 18730
|
| 650 |
|
|
|a Deforestation
|z Bangladesh.
|9 18731
|
| 650 |
|
|
|a Deforestation
|x Madhupur Jungle.
|z Bangladesh
|9 18732
|
| 852 |
|
|
|a Savar Campus Library
|c General Shelf
|
| 942 |
|
|
|2 ddc
|c BK
|
| 999 |
|
|
|c 37199
|d 37199
|
| 952 |
|
|
|0 0
|1 0
|2 ddc
|4 0
|6 333_750000000000000_137_095492_GAI
|7 0
|9 58479
|a SCL
|b SCL
|c GEN
|d 2016-03-22
|g 250.00
|l 0
|o 333.75137095492 GAI
|p 3020006846
|r 2016-03-22
|t 1
|w 2016-03-22
|y BK
|